ბათუმის შოთა რუსთაველის სახელმწიფო უნივერსიტეტის ბიბლიოთეკა

ნეონატოლოგია : (ბიბ.ჩანაწერი № 34606)

000 -ლიდერი
ფიქსირებული სიგრძის საკონტროლო ველი 01543nam a2200289Ia 4500
001 - საკონტროლო ნომერი
საკონტროლო ველი 368
003 - საკონტროლო ნომრის იდენტიფიკატორი
საკონტროლო ველი GE_BSU
005 - ბოლო ოპერაციის თარიღი და დრო
საკონტროლო ველი 20200122164347.0
008 - ფიქსირებული სიგრძის მონაცემთა ელემენტები - ზოგადი ინფორმაცია
ფიქსირებული სიგრძის საკონტროლო ველი 181216s2008||||ge |||||||||||||| ||geo||
020 ## - წიგნის საერთაშორისო სტანდარტული ნომერი
International Standard Book Number 978994100274
040 ## - კატალოგიზაციის წყარო
Transcribing agency GE_BSU
041 ## - ენის კოდი
Language code of text/sound track or separate title geo
080 ## - უნივერსალური ათობითი კლასიფიკაციის ინდექსი
Universal Decimal Classification number 616.053.31(075.8) კ-61
100 ## - მთავარი ჩანაწერი - პიროვნების სახელი
Personal name კლოჰერტი, პ.
9 (RLIN) 6323
245 ## - ცნობა სათაურის შესახებ
Title ნეონატოლოგია :
Remainder of title [სახელმძღვ.] /
Statement of responsibility, etc ჯონ პ. კლოჰერტი, ერიკ ს. ეიჩენვალდი, ენ რ. სტარკი ; [ინგლ. თარგმნა ნანა სებისკვერაძემ] ; ქართ. გამოც. რედ.: ირაკლი ფავლენიშვილი, ია დავითაია.
264 ## - წარმოების, გამოცემის, დისტრიბუციის და სხვა ცნობები
გამოცემის, წარმოების, დისტრიბუციის... ადგილი თბილისი,
გამოცემის, წარმოების, დისტრიბუციის... თარიღი 2008.
300 ## - ფიზიკური აღწერა
Extent 400 გვ.:
Other physical details ილ.
Dimensions 21სმ.
653 ## - INDEX TERM--UNCONTROLLED
Uncontrolled term მედიცინა
653 ## - INDEX TERM--UNCONTROLLED
Uncontrolled term ახალშობილთა დაავადებები
653 ## - INDEX TERM--UNCONTROLLED
Uncontrolled term ნეონატოლოგია
700 ## - ADDED ENTRY--PERSONAL NAME
Personal name ეიჩენვალდი, ერიკ ს.
Relator term ავტორი
9 (RLIN) 6324
700 ## - ADDED ENTRY--PERSONAL NAME
Personal name სტარკი, ენ რ.
Relator term ავტორი
9 (RLIN) 6325
700 ## - ADDED ENTRY--PERSONAL NAME
Personal name სებისკვერაძე, ნანა
Relator term მთარგმნელი
9 (RLIN) 6326
700 ## - ADDED ENTRY--PERSONAL NAME
Personal name ფავლენიშვილი, ირაკლი
Relator term რედაქტორი
9 (RLIN) 6327
700 ## - ADDED ENTRY--PERSONAL NAME
Personal name დავითაია, ია
Relator term რედაქტორი
9 (RLIN) 6328
942 ## - ADDED ENTRY ELEMENTS (KOHA)
Koha item type წიგნი
Source of classification or shelving scheme
ეგზემპლარები
ჩამოწერის სტატუსი დაკარგული ეგზემპლარის სტატუსი კლასიფიკაციის წყარო ან თაროზე გაწყობის სქემა დაზიანების სტატუსი არ გაიცემა მუდმივი მდებარეობა (დაცვის ადგილი) ამჟამინდელი ადგილსამყოფელი თაროზე განთავსების ადგილი შეძენის თარიღი ღირებულება, შესყიდვის ნორმალური ფასი სრული შენახვის შიფრი შტრიხკოდი ბოლო ოპერაციის თარიღი ეგზემპლარის მიმდევრობითი ნომერი (კეტერი?) ფასის ძალაში შესვლის თარიღი ეგზემპლარის სახეობა საჯარო შენიშვნა
          ბათუმის შოთა რუსთაველის სახელმწიფო უნივერსიტეტის მთავარი ბიბლიოთეკა ბათუმის შოთა რუსთაველის სახელმწიფო უნივერსიტეტის მთავარი ბიბლიოთეკა წიგნსაცავი 2018-12-17 40.00 616.053.31(075.8) კ-61 129 2018-12-17 129 2018-12-17 წიგნი 40 ლ.
          ბათუმის შოთა რუსთაველის სახელმწიფო უნივერსიტეტის მთავარი ბიბლიოთეკა ბათუმის შოთა რუსთაველის სახელმწიფო უნივერსიტეტის მთავარი ბიბლიოთეკა წიგნსაცავი 2018-12-17 40.00 616.053.31(075.8) კ-61 130 2018-12-17 130 2018-12-17 წიგნი 40 ლ.
          ბათუმის შოთა რუსთაველის სახელმწიფო უნივერსიტეტის მთავარი ბიბლიოთეკა ბათუმის შოთა რუსთაველის სახელმწიფო უნივერსიტეტის მთავარი ბიბლიოთეკა წიგნსაცავი 2018-12-17 40.00 616.053.31(075.8) კ-61 131 2018-12-17 131 2018-12-17 წიგნი 40 ლ.
          ბათუმის შოთა რუსთაველის სახელმწიფო უნივერსიტეტის მთავარი ბიბლიოთეკა ბათუმის შოთა რუსთაველის სახელმწიფო უნივერსიტეტის მთავარი ბიბლიოთეკა წიგნსაცავი 2018-12-17 40.00 616.053.31(075.8) კ-61 132 2018-12-17 132 2018-12-17 წიგნი 40 ლ.
          ბათუმის შოთა რუსთაველის სახელმწიფო უნივერსიტეტის მთავარი ბიბლიოთეკა ბათუმის შოთა რუსთაველის სახელმწიფო უნივერსიტეტის მთავარი ბიბლიოთეკა წიგნსაცავი 2018-12-17 40.00 616.053.31(075.8) კ-61 133 2018-12-17 133 2018-12-17 წიგნი 40 ლ.